[Event "Challenge"]
[Site "http://www.queenalice.com/game.php?id=1774752"]
[Date "2021.11.13"]
[Round "-"]
[White "Rovigo"]
[Black "Racey"]
[Result "1/2-1/2"]
[WhiteElo "1446"]
[BlackElo "1550"]

1. e3 e5 2. Bc4 d5 3. Bb5+ c6 4. Ba4 b5 5. Bb3 c5 6. Nf3 e4 7. Ne5 h5 8. Na3 Ba6
9. f3 Nf6 10. d4 b4 11. Ba4+ Nbd7 12. Nxd7 Nxd7 13. c4 bxa3 14. bxa3 Bxc4 15.
fxe4 dxe4 16. dxc5 Bxc5 17. Bc6 Rb8 18. Qc2 f5 19. Qxc4 Bd6 20. Qe6+ Be7 21. Rf1
Rf8 22. Rxf5 Rf6 23. Qg8+ Rf8 24. Rxf8+ Bxf8 25. Qe6+ Qe7 26. Bxd7+ Kd8 27.
Qxe7+ Bxe7 28. Bf5 Bf6 29. Bb2 Bxb2 30. Rd1+ Kc7 31. Rd7+ Kb6 32. Bxe4 g5 33.
Rd2 Bxa3 34. Rd3 Bb4+ 35. Kd1 h4 36. Rb3 Ka5 37. a3 Bd6 38. Rxb8 Bxb8 39. g3 h3
40. Bf3 Ka4 41. e4 Kxa3 42. Ke2 a5 43. Ke3 Be5 44. Kd3 a4 45. Bd1 Kb4 46. Kc2 a3
47. Kb1 Bd4 48. Ka2 Bg1 49. e5 Bxh2 50. e6 Bxg3 51. e7 h2 52. Bf3 g4 53. e8=Q
gxf3 54. Qe4+ Kc5 55. Qxf3 Bd6 56. Qh5+ Kd4 57. Qh8+ Ke3 58. Qh6+ Bf4 59. Qh3+
Kf2 60. Kxa3 Bg3 61. Kb3 Be5 62. Kc2 Kg1 63. Qe3+ Kg2 64. Qg5+ Bg3 65. Qd2+ Bf2
66. Qg5+ Bg3 67. Qd2+ Kg1 68. Qe3+ Kg2 69. Qe2+ Kg1 70. Qe3+ Kg2 1/2-1/2

[Event "Challenge"]
[Site "http://www.queenalice.com/game.php?id=1781705"]
[Date "2022.1.29"]
[Round "-"]
[White "Racey"]
[Black "Rovigo"]
[Result "0-1"]
[WhiteElo "1546"]
[BlackElo "1450"]

1. e4 e5 2. Qh5 d6 3. Bc4 g6 4. Qf3 Nf6 5. h4 Bg4 6. Qb3 d5 7. exd5 Bd6 8. Qxb7
Nbd7 9. b4 Nb6 10. Bb5+ Bd7 11. Bxd7+ Kxd7 12. b5 Nfxd5 13. Qc6+ Ke6 14. c4 Nb4
15. Qe4 f5 16. Qe3 f4 17. Qh3+ Kf6 18. Qc3 Na4 19. Qb3 Nc5 20. Qxb4 Nd3+ 21. Kd1
Bxb4 22. Nh3 Nxc1 23. Kxc1 Qd4 24. a4 Qxa1 25. Ng5 Rad8 26. Ne4+ Kf5 27. f3 Qxa4
28. Rd1 Ba3+ 29. Nxa3 Qxa3+ 30. Kb1 Qb3+ 31. Kc1 Qxc4+ 32. Nc3 Rd3 33. Kc2 Rhd8
34. Kc1 Qd4 35. Ne4 Qc4+ 36. Kb2 Qb3+ 37. Kc1 R8d4 38. Re1 Rc4+ 39. Nc3 Rcxc3+
40. dxc3 Qxc3+ 41. Kb1 Qxe1+ 42. Kc2 Qe2+ 43. Kc1 Rd1# 0-1

[Event "Challenge"]
[Site "http://www.queenalice.com/game.php?id=1782165"]
[Date "2022.2.5"]
[Round "-"]
[White "Rovigo"]
[Black "Leanne"]
[Result "0-1"]
[WhiteElo "1450"]
[BlackElo "1100"]

1. e4 e6 2. Nc3 d5 3. f3 Nf6 4. exd5 exd5 5. Bb5+ Bd7 6. d3 Bb4 7. Bxd7+ Nbxd7
8. a3 Bc5 9. b4 Bb6 10. Bg5 Bxg1 11. Rxg1 c6 12. Bxf6 Nxf6 13. h4 Qe7+ 14. Qe2
Qe6 15. b5 O-O 16. bxc6 Qxc6 17. Na2 Qc5 18. Rh1 Qa5+ 19. c3 Rad8 20. Rb1 b6 21.
h5 g6 22. hxg6 fxg6 23. Qe6+ Rf7 24. Rc1 Re8 25. Qxe8+ Nxe8 26. Kf2 Qxa3 27.
Rce1 Qxa2+ 28. Re2 Qa4 29. Rh6 Qc6 30. g4 Nc7 31. Ra2 Nb5 32. Re2 d4 33. c4 Nc3
34. Re1 Qxf3+ 35. Kg1 Qf2+ 36. Kh1 Qxe1+ 37. Kh2 Qe2+ 38. Kh3 Qe3+ 39. Kh4 Qxh6+
40. Kg3 Ne2+ 41. Kg2 Qe3 42. Kh2 Qg3+ 43. Kh1 Rf1# 0-1

[Event "Challenge"]
[Site "http://www.queenalice.com/game.php?id=1783819"]
[Date "2022.3.2"]
[Round "-"]
[White "zoe001"]
[Black "Rovigo"]
[Result "1-0"]
[WhiteElo "1828"]
[BlackElo "1450"]

1. d4 d5 2. Nf3 Bg4 3. Nbd2 Bxf3 4. Nxf3 Nf6 5. e3 Nc6 6. Bb5 Qd7 7. Ne5 g6 8.
Nxd7 Nxd7 9. Bxc6 bxc6 10. O-O a5 11. c3 h5 12. Qa4 c5 13. Qc6 Rb8 14. Qxc7 e6
15. Qxa5 cxd4 16. cxd4 Bb4 17. Qa7 Ke7 18. a3 Ra8 19. Qb7 Rab8 20. Qa6 Rb6 21.
Qd3 Ba5 22. Bd2 Bxd2 23. Qxd2 h4 24. h3 f5 25. Rfc1 Nf6 26. Rc7+ Nd7 27. Qc3 Kd6
28. Rc1 Rhb8 29. Rc2 e5 30. dxe5+ Nxe5 31. Qc5+ Ke6 32. Qe7# 1-0

[Event "Challenge"]
[Site "http://www.queenalice.com/game.php?id=1783820"]
[Date "2022.3.2"]
[Round "-"]
[White "Rovigo"]
[Black "zoe001"]
[Result "0-1"]
[WhiteElo "1470"]
[BlackElo "1864"]

1. e4 e6 2. d4 d5 3. exd5 exd5 4. Nf3 Nf6 5. Bg5 Be7 6. Bxf6 Bxf6 7. Bb5+ Bd7 8.
Bxd7+ Nxd7 9. h4 c6 10. g4 Qe7+ 11. Qe2 O-O-O 12. g5 Qxe2+ 13. Kxe2 Rhe8+ 14.
Kd3 Be7 15. Ne5 Nxe5+ 16. Kc3 Nf3 17. Rh3 Ng1 18. Rh1 Ne2+ 19. Kd3 Nf4+ 20. Kc3
Bd6 21. Nd2 Ne2+ 22. Kd3 Bb4 23. c3 Ba5 24. b4 Bc7 25. Rhe1 Nf4+ 26. Kc2 Rxe1
27. Rxe1 Kd7 28. Nf3 Re8 29. Ne5+ Bxe5 30. dxe5 Ng2 31. Rg1 Nxh4 32. Re1 Nf3 33.
Rh1 Nxg5 34. Rg1 h6 35. f4 Ne6 36. f5 Ng5 37. Kd3 Rxe5 38. Rf1 Ke7 39. Kd4 Kd6
40. f6 g6 41. a3 h5 42. Rf2 Rf5 43. Rg2 Ne6+ 44. Ke3 h4 45. Rh2 g5 46. Kd3 Rxf6
47. Re2 h3 48. Rh2 g4 49. Ke3 Rf3+ 50. Ke2 Rxc3 51. Kd2 Rxa3 52. Kc1 Rb3 53. Rf2
Ke7 54. Kc2 Rf3 55. Re2 g3 56. Re5 g2 57. Re1 h2 0-1